Výročná správa NARMSP ...
| Corporate Author: | |
|---|---|
| Format: | Serial |
| Language: | Slovak English |
| PhysicalDescription: | 9 zv. 30 cm |
| Published: |
Bratislava
Národná agentúra pre rozvoj malého a stredného podnikania
1996-[2004]
|
| ISBN: | 8096742434 (brož. : r. 1995) 8096742485 (brož. : r. 1996) 8096778838 (brož. : r. 1997) 8096778889 (brož. : r. 1998) 8088957052 (brož. : r. 1999) 8088957125 (brož. : r. 2000) 8088957133 (brož. : r. 2001) 8088957257 (brož. : r. 2002) 8088957303 (brož. : r. 2003) |
| Subjects: |
MARC
| LEADER | 00000cas a2200000 a 4500 | ||
|---|---|---|---|
| 001 | vtls001430491 | ||
| 003 | SK-MaSNL | ||
| 005 | 20260425194040.0 | ||
| 008 | 240227d19962004xo ar 0 0 0slo | ||
| 015 | |a SNBE2002/02-00935 (r. 1995) |a SNBE2002/02-00941 (r. 1996) |a SNBF2000/01-00038 (r. 1997) |a SNBE2002/02-00616 (r. 1998) |a SNBE2001/01-00582 (r. 1999) |a SNBE2002/04-01541 (r. 2000) |a SNBE2003/02-01156 (r. 2001) |a SNBB2005/02-00425 (r. 2002) | ||
| 020 | |a 8096742434 (brož. : r. 1995) | ||
| 020 | |a 8096742485 (brož. : r. 1996) | ||
| 020 | |a 8096778838 (brož. : r. 1997) | ||
| 020 | |a 8096778889 (brož. : r. 1998) | ||
| 020 | |a 8088957052 (brož. : r. 1999) | ||
| 020 | |a 8088957125 (brož. : r. 2000) | ||
| 020 | |a 8088957133 (brož. : r. 2001) | ||
| 020 | |a 8088957257 (brož. : r. 2002) | ||
| 020 | |a 8088957303 (brož. : r. 2003) | ||
| 035 | |a SNK000385518 | ||
| 040 | |a SNK |b slo |c SNK |e AACR2 | ||
| 041 | 0 | |a slo |a eng | |
| 043 | |a e-xo--- | ||
| 044 | |a xo |c SK | ||
| 072 | 7 | |a 658 |x Riadenie a správa podniku |2 konspekt | |
| 072 | 7 | |a 330.5338 |x Národné hospodárstvo a hospodárska politika |2 konspekt | |
| 080 | |a 658.114-022.55 |2 2001 |2 2011 | ||
| 080 | |a 050 |2 2011 | ||
| 080 | |a (047.1) |2 2011 | ||
| 080 | |a 338.246 |2 2011 | ||
| 080 | |a (437.6) |2 2011 | ||
| 080 | |a 658.114-022.54 |2 2001 | ||
| 110 | 2 | |a Národná agentúra pre rozvoj malého a stredného podnikania (Slovensko) |9 33199 | |
| 245 | 1 | 0 | |a Výročná správa NARMSP ... |c Národná agentúra pre rozvoj malého a stredného podnikania |
| 246 | 1 | 3 | |a Výročná správa ... |
| 260 | |a Bratislava |b Národná agentúra pre rozvoj malého a stredného podnikania |c 1996-[2004] | ||
| 300 | |a 9 zv. |c 30 cm | ||
| 310 | |a 1x ročne | ||
| 362 | 0 | |a 1995-[2003] |z SKP | |
| 500 | |a Vychádza za predchádzajúci rok, napr. správa za r. 2003 vyšla v r. 2004 | ||
| 500 | |a Súčasťou názvu je označenie bežného roka | ||
| 500 | |a Názov z obalu | ||
| 546 | |a Text aj v angl. | ||
| 650 | 0 | 7 | |a stredné podnikanie |2 SNKPH |9 1773 |
| 650 | 0 | 7 | |a podpora podnikania |2 SNKPH |9 4191 |
| 650 | 0 | 7 | |a Medium-sized business |2 SNKPHeng |9 266688 |
| 650 | 0 | 7 | |a Industrial promotion |2 SNKPHeng |9 266689 |
| 650 | 0 | 7 | |a Small business |2 SNKPHeng |9 266690 |
| 650 | 0 | 7 | |a drobné podnikanie |2 SNKPH |9 1772 |
| 651 | 7 | |a Slovensko |2 SNKPHgeo |9 14231 | |
| 651 | 7 | |a Slovakia |2 SNKPHeng |9 92630 | |
| 655 | 7 | |a výročné správy |2 SNKPH |9 70580 | |
| 655 | 7 | |a Annual reports |2 SNKPHeng |9 265598 | |
| 910 | |a snk | ||
| 919 | |a 80-967424-3-4 | ||
| 919 | |a 80-967424-8-5 | ||
| 919 | |a 80-967788-3-8 | ||
| 919 | |a 80-967788-8-9 | ||
| 919 | |a 80-88957-05-2 | ||
| 919 | |a 80-88957-12-5 | ||
| 919 | |a 80-88957-13-3 | ||
| 919 | |a 80-88957-25-7 | ||
| 919 | |a 80-88957-30-3 | ||
| 958 | |a TL | ||
| 958 | |a BQ | ||
| 999 | |c 2649 |d 4579 | ||
| 952 | |a SNK |b SNK |y PREZ |7 0 |p 17A0254691 |o snkČSB 4876/1997 |i snkKSP 11842/99 |8 0 |0 0 |1 0 |4 0 |d 1999-12-01 |l 0 |r 2005-01-02 00:00:00 |w 2026-02-21 | ||
| 952 | |a SNK |b SNK |y PREZ |7 0 |p 17A0219639 |o snkČSB 4876/1997 D1 |i snkKSP 11843/99 |8 0 |0 0 |1 0 |4 0 |d 1999-12-01 |l 0 |r 2005-01-02 00:00:00 |w 2026-02-21 | ||
| 952 | |a SNK |b SNK |y PREZ |7 0 |p 17A0416327 |o snkČSB 4876/2002 |i snkPV 481/2004 |0 0 |1 0 |4 0 |d 2004-04-26 |l 0 |r 2005-01-02 00:00:00 |w 2026-02-21 | ||
| 952 | |a SNK |b SNK |y PREZ |7 0 |p 17A0416328 |o snkČSB 4876/2002 D1 |i snkPV 482/2004 |0 0 |1 0 |4 0 |d 2004-04-26 |l 0 |r 2005-01-02 00:00:00 |w 2026-02-21 | ||
| 952 | |a SNK |b SNK |y PREZ |7 0 |p 17A0266103 |o snkČSB 4876/1999 |i snkKSP 942/2001 |0 0 |1 0 |4 0 |d 2001-01-18 |l 0 |r 2005-01-02 00:00:00 |w 2026-02-21 | ||
| 952 | |a SNK |b SNK |y PREZ |7 0 |p 17A0266104 |o snkČSB 4876/1999 D1 |i snkKSP 943/2001 |0 0 |1 0 |4 0 |d 2001-01-18 |l 0 |r 2005-01-02 00:00:00 |w 2026-02-21 | ||
| 952 | |a SNK |b SNK |y NEVYP |7 0 |o snkB 34 |i snk95/20010122 |0 0 |1 0 |4 0 |d 2001-01-18 |l 0 |r 2005-01-02 00:00:00 |w 2026-02-21 | ||
| 952 | |a SNK |b SNK |y PREZ |7 0 |p 17A0342807 |o snkČSB 4876/2000 |i snkKSP 5299/2002 |0 0 |1 0 |4 0 |d 2002-05-06 |l 0 |r 2005-01-02 00:00:00 |w 2026-02-21 | ||
| 952 | |a SNK |b SNK |y PREZ |7 0 |p 17A0342808 |o snkČSB 4876/2000 D1 |i snkKSP 5300/2002 |0 0 |1 0 |4 0 |d 2002-05-06 |l 0 |r 2005-01-02 00:00:00 |w 2026-02-21 | ||
| 952 | |a SNK |b SNK |y PREZ |7 0 |p 17A0331700 |o snkČSB 4876/1998 |i snkKSP 1783/2002 |0 0 |1 0 |4 0 |d 2002-02-08 |l 0 |r 2005-01-02 00:00:00 |w 2026-02-21 | ||
| 952 | |a SNK |b SNK |y PREZ |7 0 |p 17A0331696 |o snkČSB 4876/1996 |i snkKSP 1779/2002 |0 0 |1 0 |4 0 |d 2002-02-08 |l 0 |r 2005-01-02 00:00:00 |w 2026-02-21 | ||
| 952 | |a SNK |b SNK |y PREZ |7 0 |p 17A0331699 |o snkČSB 4876/1995 |i snkKSP 1781/2002 |0 0 |1 0 |4 0 |d 2002-03-06 |l 0 |r 2005-01-02 00:00:00 |w 2026-02-21 | ||
| 952 | |a SNK |b SNK |y PREZ |7 0 |p 17A0446570 |o snkČSB 4876/2003 |i snk2005/6427 |8 0 |0 0 |1 0 |4 0 |d 2005-04-18 |l 0 |r 2026-02-21 21:21:07 |w 2026-02-21 | ||
| 952 | |a SNK |b SNK |y PREZ |7 0 |p 17A0378645 |o snkČSB 4876/2001 |i snkKSP 4330/2003 |0 0 |1 0 |4 0 |d 2003-03-18 |l 0 |r 2005-01-02 00:00:00 |w 2026-02-21 | ||
| 952 | |a SNK |b SNK |y PREZ |7 0 |p 17A0378646 |o snkČSB 4876/2001 D1 |i snkKSP 4331/2003 |0 0 |1 0 |4 0 |d 2003-03-18 |l 0 |r 2005-01-02 00:00:00 |w 2026-02-21 | ||
| 952 | |a SNK |b SNK |y PREZ |7 0 |p 17A0446571 |o snkČSB 4876/2003 D1 |i snk2005/6428 |8 0 |0 0 |1 0 |4 0 |d 2005-04-18 |l 0 |r 2026-02-21 21:32:08 |w 2026-02-21 | ||


